000 00348nam a2200145 i 4500
001 bg
100 1 _aFEDJUSIN, B. K.
245 0 _aJadernye izlucenija tel rozlicnoj formy /
_cB.K. Fedjusin.
260 _aLeningrad,
_c1973.
040 _cBPK
041 _apol
080 _a621.039.5
942 _cKS
008 s pl f |000 0 pol
999 _c25951
_d25951
856 _uhttp://koha.tu.koszalin.pl/cgi-bin/koha/opac-detail.pl?biblionumber=25951
_yKatalog online BPK